Sathyavathi/ (Record no. 213947)

MARC details
000 -LEADER
fixed length control field 00548nam a22001937a 4500
005 - DATE AND TIME OF LATEST TRANSACTION
control field 20251216153247.0
010 ## - LCCN (DPL NO)
LC control number ENG-147331
020 ## - INTERNATIONAL STANDARD BOOK NUMBER
International Standard Book Number 9788188965908
Terms of availability 175.00
035 ## - SYSTEM CONTROL NUMBER
System control number EN-130863
037 ## - SOURCE OF ACQUISITION
Source of stock number/acquisition DBAD
082 ## - DEWEY DECIMAL CLASSIFICATION NUMBER
Classification number 305.48420954
100 ## - MAIN ENTRY--PERSONAL NAME
Personal name Kannabiran, Vasanthi
245 ## - TITLE STATEMENT
Title Sathyavathi/
Statement of responsibility, etc Vasanth Kannabiran
250 ## - EDITION STATEMENT
Edition statement 1
260 ## - PUBLICATION, DISTRIBUTION, ETC. (IMPRINT)
Place of publication, distribution, etc New Delhi
Name of publisher, distributor, etc Women Unlimited
Date of publication, distribution, etc 2015
270 ## - ADDRESS
Address 7/10,FF, Sarvapriya Vihar,New Delhi
City New Delhi
Postal code 110016
300 ## - PHYSICAL DESCRIPTION
Extent 110p.
Dimensions 21cm(pb)
942 ## - ADDED ENTRY ELEMENTS (KOHA)
Source of classification or shelving scheme Dewey Decimal Classification
Item type English Books
Classification part 305.42
Call number suffix KAN
Holdings
Withdrawn status Lost status Not for loan Collection code Home library Current library Date acquired Source of acquisition Cost, normal purchase price Full call number Barcode Copy number Cost, replacement price Koha item type
      Non-fiction Sarojini Nagar Sarojini Nagar 16/12/2025 Delivery of Books Act Division 175.00 305.42 KAN EN-130863 1 175.00 English Books

© Delhi Public Library
Hit Counter
free hit counter